<?xml version="1.0" encoding="UTF-8"?>
<record
    xmlns:xsi="http://www.w3.org/2001/XMLSchema-instance"
    xsi:schemaLocation="http://www.loc.gov/MARC21/slim http://www.loc.gov/standards/marcxml/schema/MARC21slim.xsd"
    xmlns="http://www.loc.gov/MARC21/slim">

  <leader>00901nam a22002293i 4500</leader>
  <controlfield tag="001">81081</controlfield>
  <controlfield tag="003">BD-RjUL</controlfield>
  <controlfield tag="005">20230115125823.0</controlfield>
  <controlfield tag="008">230115s1851    ii            ||| | urd d</controlfield>
  <datafield tag="035" ind1=" " ind2=" ">
    <subfield code="a">(BD-RjUL)81081</subfield>
  </datafield>
  <datafield tag="040" ind1=" " ind2=" ">
    <subfield code="a">UkOxU</subfield>
    <subfield code="b">eng</subfield>
    <subfield code="e">rda</subfield>
    <subfield code="c">UkOxU</subfield>
  </datafield>
  <datafield tag="041" ind1=" " ind2=" ">
    <subfield code="a">eng</subfield>
  </datafield>
  <datafield tag="082" ind1=" " ind2=" ">
    <subfield code="2">23</subfield>
    <subfield code="a">297.1225 </subfield>
    <subfield code="b">DIT 1851</subfield>
  </datafield>
  <datafield tag="245" ind1="0" ind2="0">
    <subfield code="a">Tafs&#x12B;r-i Fat&#x1E25; al-&#x2BB;Az&#x12B;z :&#x62A;&#x641;&#x633;&#x64A;&#x631; &#x641;&#x62A;&#x62D; &#x627;&#x644;&#x639;&#x632;&#x64A;&#x632; :</subfield>
    <subfield code="b">sip&#x101;rah-yi &#x2BB;amma k&#x101; tarjumah /&#x633;&#x67E;&#x627;&#x631;&#x6C1; &#x639;&#x645; &#x6A9;&#x627; &#x62A;&#x631;&#x62C;&#x645;&#x6C1; /</subfield>
    <subfield code="c">[Sh&#x101;h &#x2BB;Abd al-&#x2BB;Az&#x12B;z Dihlav&#x12B;] ; [tarjumah &#x1E24;asan &#x1E34;&#x1E96;&#x101;n].[&#x634;&#x627;&#x6C1; &#x639;&#x628;&#x62F; &#x627;&#x644;&#x639;&#x632;&#x64A;&#x632; &#x62F;&#x6C1;&#x644;&#x648;&#x6CC;] &#x61B; [&#x62A;&#x631;&#x62C;&#x645;&#x6C1; &#x62D;&#x633;&#x646; &#x62E;&#x627;&#x646;].</subfield>
  </datafield>
  <datafield tag="264" ind1=" " ind2="1">
    <subfield code="a">[Lakhna&#x2BC;&#x16B;] :&#x644;&#x6A9;&#x6BE;&#x646;&#x624; :</subfield>
    <subfield code="b">Mat&#x324;ba&#x2BB;-i Mu&#x1E63;t&#x324;af&#x101;&#x2BC;&#x12B;,&#x645;&#x637;&#x628;&#x639; &#x645;&#x635;&#x637;&#x641;&#x627;&#x626;&#x6CC;&#x60C;</subfield>
    <subfield code="c">1267 [1851]</subfield>
  </datafield>
  <datafield tag="300" ind1=" " ind2=" ">
    <subfield code="a">240 pages ;</subfield>
    <subfield code="c">32 cm</subfield>
  </datafield>
  <datafield tag="336" ind1=" " ind2=" ">
    <subfield code="a">text</subfield>
    <subfield code="2">rdacontent</subfield>
  </datafield>
  <datafield tag="337" ind1=" " ind2=" ">
    <subfield code="a">unmediated</subfield>
    <subfield code="2">rdamedia</subfield>
  </datafield>
  <datafield tag="338" ind1=" " ind2=" ">
    <subfield code="a">volume</subfield>
    <subfield code="2">rdacarrier</subfield>
  </datafield>
  <datafield tag="650" ind1=" " ind2=" ">
    <subfield code="a">Quran </subfield>
    <subfield code="v">Tafsir</subfield>
    <subfield code="9">6380</subfield>
  </datafield>
  <datafield tag="942" ind1=" " ind2=" ">
    <subfield code="2">ddc</subfield>
    <subfield code="c">BK</subfield>
  </datafield>
  <datafield tag="999" ind1=" " ind2=" ">
    <subfield code="c">81081</subfield>
    <subfield code="d">81081</subfield>
  </datafield>
  <datafield tag="952" ind1=" " ind2=" ">
    <subfield code="0">0</subfield>
    <subfield code="1">0</subfield>
    <subfield code="2">ddc</subfield>
    <subfield code="4">0</subfield>
    <subfield code="7">1</subfield>
    <subfield code="8">NFIC</subfield>
    <subfield code="a">RUCL</subfield>
    <subfield code="b">RUCL</subfield>
    <subfield code="c">Reading</subfield>
    <subfield code="d">1992-03-11</subfield>
    <subfield code="e">Mawlana Arman Ali </subfield>
    <subfield code="l">0</subfield>
    <subfield code="o">U 297.1225  DIT 1851</subfield>
    <subfield code="r">2023-01-15 00:00:00</subfield>
    <subfield code="t">C-1</subfield>
    <subfield code="w">2023-01-15</subfield>
    <subfield code="y">BK</subfield>
  </datafield>
</record>
